Normal view
MARC view
- Ras, Leslie
Entry Personal Name
001 - CONTROL NUMBER
- control field: 66314
003 - CONTROL NUMBER IDENTIFIER
- control field: NUST
005 - DATE AND TIME OF LATEST TRANSACTION
- control field: 20210628203553.0
008 - FIXED-LENGTH DATA ELEMENTS
- fixed length control field: 210628|| aca||aabn | a|a d
040 ## - CATALOGING SOURCE
- Original cataloging agency: NUST
- Transcribing agency: NUST
100 ## - HEADING--PERSONAL NAME
- Personal name: Ras, Leslie
670 ## - SOURCE DATA FOUND
- Source citation: Work cat.: (NUST): Ras, Leslie, How to design and introduce trainer development programmes, 1994
